English Monarchs Quiz - Statistics

General Stats
  • This quiz has been taken 120 times
    77 since last reset
  • The average score is 16 of 23
Answer Stats
# Name % Correct
? George
100%
? Charles
98%
? Edward
98%
? Elizabeth
98%
? Henry
97%
? John
94%
? William
94%
? Mary
92%
? Richard
90%
? Victoria
90%
? James
84%
? Anne
79%
? Stephen
75%
? Harold
65%
Alfred
54%
Cnut
54%
Æthelred
51%
Edmund
37%
Æthelstan
35%
Sweyn
29%
Edgar
25%
Eadred
21%
Eadwig
21%
No matching quizzes found
Score Distribution
Percent of People with Each Score
Percentile by Number Answered
Your Score History
You have not taken this quiz since the last reset